000 05044cam a22013334i 4500
003 PE-LiUPU
005 20250813185424.0
008 180905s2017 sp rb 000 0 spa d
020 _a8436827155
020 _a9788436827156
035 _a(Sirsi) a249936
040 _aPE-LiUPU
_bspa
_cPE-LiUPU
_erda
049 _aPRUA
082 0 4 _a150
_bU77 2017
082 0 4 _a306.85
_bU77
_223
100 1 _aUribelarrea, Luis Maria Llavona,
_eautor.
245 _aManual del psicólogo de familia :
_bun nuevo perfil profesional /
_cLuis María Llavona Uribelarrea, Francisco Xavier Méndez.
264 1 _aMadrid :
_bPirámide,
_c2017.
300 _a456 paginas :
_bilustraciones;
_c24 centimetros.
336 _atext
_2rdacontent
337 _aunmediated
_2rdamedia
338 _avolume
_2rdacarrier
490 _aColección Psicología.
504 _aBibliografía: páginas 454-456.
505 _aEl psicólogo de familia -- La familia en la sociedad actual -- La educación positiva de los hijos: principios y procedimientos -- La adopción -- Orientación para profesionales sobre la relación paterno-filial durante los tres primeros años de la vida del niño -- Intervención en problemas de hábitos básicos de autonomía personal: sueño, alimentación y control de esfínteres -- Intervención en los miedos y en la ansiedad por separación en la infancia -- Intervención en problemas conductuales: desobediencia, agresión, hiperactividad -- Los conflictos padres-adolescentes -- Violencia ascendente: los hijos que agreden a sus padres -- La separación y el divorcio -- Violencia de pareja -- Las familias reconstituidas: estrategias de intervención y prevención familiar -- Las familias de doble empleo: realidad y estrategias de adaptación -- La familia con personas mayores -- La familia y los problemas de adicción -- La atención a los enfermos crónicos en la familia -- Afrontamiento de la muerte en la familia -- La detección de trastornos de salud mental por el psicólogo de familia -- Educación para la salud en la familia -- Dificultades frecuentes en la intervención con padres -- Las escuelas de entrenamiento de padres.
526 _aP202
526 _aP201
526 _aP163
526 _aP162
526 _aP161
526 _aP160
526 _aP148
526 _aP147
526 _aP146
526 _aP145
526 _aP144
526 _aP143
526 _aP142
526 _aP141
526 _aP140
526 _aP139
526 _aP138
526 _aP137
526 _aP136
526 _aP135
526 _aP134
526 _aP133
526 _aP129
526 _aP128
526 _aP127
526 _aP120
526 _aP119
526 _aP118
526 _aP116
526 _aP115
526 _aP114
526 _aP110
526 _aP109
526 _aP108
526 _aP104
526 _aP103
526 _aP102
526 _aP99
526 _aP98
526 _aP97
526 _aP96
526 _aP95
526 _aP93
526 _aP90
526 _aP89
526 _aP88
526 _aP83
526 _aP82
526 _aP62
526 _aP59
526 _aP58
526 _aP57
526 _aP51
526 _aP49
526 _aP48
526 _aP47
526 _aP29
526 _aP24
526 _aP20
526 _aP19
526 _aP17
526 _aP15
526 _aP14
526 _aP12
526 _aP10
526 _aP09
526 _aP08
526 _aP07
526 _aP06
526 _aP05
526 _aP04
526 _aP01
541 _g423-0000038;
541 _g423-0000046;
541 _g002-00001571;
650 0 4 _aFamilias
_xAspectos psicológicos.
650 0 4 _aPsicología.
_95567
700 1 _aMéndez, Francisco Xavier,
_eautor.
910 _agvs
_d20180904
910 _abgr
_bksl
_cksl
_d20190813
942 _2ddc
_cBOOK
949 _a150 U77 2017
_wDEWEY
_c1
_iFT03774
_lCCODEBUT1
_mBUT
_p{Dolar}134.10
_r0
_sY
_tBOOK
_u2018-09-05
_xFSALUD
_PP33
_o.STAFF. Colección General Tarapoto
949 _a150 U77 2017
_wDEWEY
_c2
_iFT03850
_lCCODEBUT1
_mBUT
_p{Dolar}134.10
_r0
_sY
_tBOOK
_u2018-09-14
_xFSALUD
_PP33
_o.STAFF. Colección General Tarapoto
994 _aC0
_bPEPRU
596 _a1 2
999 _a150 U77 2017
_wLC
_c29453
_iFT03774
_f2019-2-20
_g1
_lCCODEBUT1
_mBUT
_p134.10
_r0
_sY
_tBOOK
_u2018-9-5
_xSALUD
_zP33
_0COMPRA
_o.STAFF. Colección General Tarapoto
_d29453
999 _a150 U77 2017
_wLC
_c2
_iFT03850
_f2019-2-20
_g1
_lCCODEBUT1
_mBUT
_p134.10
_r0
_sY
_tBOOK
_u2018-9-14
_xSALUD
_zP33
_0COMPRA
_1FCOMPR2
_o.STAFF. Colección General Tarapoto
999 _a306.85 U77
_wDEWEY
_c1
_i80533
_f2021-11-3
_g3
_lCCODEBUL1
_mBUL
_p51.09
_r0
_sY
_tBOOK
_u2019-8-13
_xSALUD
_zP33
_0COMPRA
_1FCOMPR3
_o.STAFF. Colección Ciencias de la Salud
980 _81
_gALBERTO SANCHEZ Responsable de Automatización